000 00954nam a2200265Ia 4500
003 OSt
005 20220923231020.0
006 a|||||r|||| 00| 0
007 ta
008 220922b |||||||| |||| 00| 0 pan d
020 _c150
024 _a353,786
037 _b1203, 06/03/2020, H.K. Prakashan
_cTextual
040 _aARTS
_cARTS
_bpan
041 _2pan
_apan
082 _aO153,1NCHx, Q8
100 _aਚੌਧਰੀ, ਜੀ. ਡੀ., ਂਚ.
245 0 _aਸੰਵੇਦਨਾਵਾਂ ਤੇਰੀਆਂ ਮੇਰੀਆਂ
260 _aਹਰਿਆਣਾ
_b ਹਰਿਆਣਾ ਪੰਜਾਬੀ ਸਾਹਿਤ ਅਕਾਦਮੀ
_c2018
300 _a112ਪ੍ਰ0
_ccm.
650 _a ਪੰਜਾਬੀ ਕਾਵਿ
650 _aਪੰਜਾਬੀ ਸਾਹਿਤ
942 _hO153,1NCHx, Q8
_cTEXL
_2CC
999 _c388791
_d388791